00806nas a2200181 a 4500008004100000050001800041110005000059245008900109260007000198300000600268350000900274650001600283650004200299650003700341995010100378999001700479952012800496120416c20129999||||||||||||||||| || u aZEMA(058)ZEOR aZambia Environmental Management Agency (ZEMA)10aZambia environment outlook report 3cA report by the environmental Council of Zambia aLusakabZambia Environmental Management Agency (ZEMA)c10/01/2012 a8 a0.00 aENVIRONMENT aENVIRONMENTAL PROTECTION--PERIODICALS aENVIRONMENTAL MANAGEMENT--ZAMBIA D0.00FCBU-MAIN LIBRARY (Kitwe)H1I0.00M8UAVAILABLEWJan 10, 2012ZAnnex Low-Usage Collection  c62368d62368 00102lcc4070a001b001cAnnex Low-Usage Collection d2022-11-30l0oZEMA(058)ZEORp03008338r2022-11-30w2022-11-30y002